Tous les buteurs lors de la ligue des champions 2022-2023 - Statistiques

Statistiques générales
  • Ce quiz a été pris 73 fois
  • Le résultat moyen est 77 sur 187
Statistiques - réponses
Nationalité Club Réponse but(s) % Correct
Norvège Manchester City Erling Haaland 12
100%
France Paris Saint-Germain Kylian Mbappé 7
100%
Argentine Paris Saint-Germain Lionel Messi 4
98%
Egypte Liverpool FC Mohamed Salah 8
98%
Brésil Real Madrid CF Vinicius Junior 7
96%
France Real Madrid CF Karim Benzema 4
94%
France AC Milan Olivier Giroud 5
94%
Pologne FC Barcelone Robert Lewandowski 5
94%
Uruguay Liverpool FC Darwin Nunez 4
91%
Portugal RB Leipzig André Silva 3
89%
Portugal Manchester City Bernardo Silva 3
89%
Portugal SL Benfica Rafa Silva 5
89%
Algérie Manchester City Riyad Mahrez 3
89%
Brésil Real Madrid CF Rodrygo 5
89%
Sénégal Bayern Munich Sadio Mané 3
89%
Nigeria SSC Napoli Victor Osimhen 5
89%
Portugal SL Benfica Antonio Silva 2
87%
Bosnie-Herzegovine Inter Milan Edin Dzeko 4
85%
Belgique Inter Milan Romelu Lukaku 3
85%
Allemagne Bayern Munich Thomas Müller 1
85%
France RB Leipzig Christopher Nkunku 3
83%
Portugal SL Benfica Gonçalo Ramos 3
83%
Angleterre Borussia Dortmund Jude Bellingham 4
83%
Allemagne Bayern Munich Leroy Sané 4
83%
Cameroun Bayern Munich Eric Maxim Choupo-Moting 4
81%
Mexique AFC Ajax Edson Alvarez 1
79%
Argentine Manchester City Julian Alvarez 3
79%
Argentine Inter Milan Lautaro Martinez 3
79%
Iran FC Porto Mehdi Taremi 5
77%
Brésil Paris Saint-Germain Neymar Jr 2
77%
Allemagne Bayern Munich Joshua Kimmich 1
74%
Belgique Manchester City Kevin De Bruyne 2
74%
Ghana AFC Ajax Mohammed Kudus 4
74%
Ukraine Shakhtar Donetsk/Chelsea FC Mykhaylo Mudryk 3
74%
Gabon Chelsea FC Pierre-Emerick Aubameyang 2
70%
Espagne FC Barcelone Pablo Torre 1
68%
Espagne FC Barcelone Ferran Torres 3
66%
France Bayern Munich Kingsley Coman 1
66%
Espagne Manchester City Rodri 2
66%
Croatie Real Madrid CF Luka Modric 2
64%
Italie Inter Milan Nicolo Barella 3
64%
France Eintracht Francfort Randal Kolo Muani 2
64%
Espagne AC Milan Brahim Diaz 1
62%
Colombie Liverpool FC Luis Diaz 1
62%
Allemagne Bayern Munich Serge Gnabry 2
62%
France Atletico Madrid Antoine Griezmann 1
60%
Uruguay Real Madrid Federico Valverde 2
60%
Espagne Real Madrid CF Marco Asensio 3
60%
France Olympique de Marseille Mattéo Guendouzi 2
60%
France Bayer Leverkusen Moussa Diaby 2
60%
Pologne SSC Napoli Piotr Zielinski 4
60%
Corée du Sud Tottenham Hotspur Heung-min Son 2
58%
France FC Barcelone Ousmane Dembélé 1
58%
Chili Olympique de Marseille Alexis Sanchez 2
57%
RD Congo Olympique de Marseille Chancel Mbemba 2
57%
France Bayern Munich Lucas Hernandez 1
57%
Angleterre Chelsea FC Raheem Sterling 3
57%
Pologne Juventus FC Arkadiusz Milik 2
55%
France Bayern Munich Benjamin Pavard 2
55%
Japon Eintracht Francfort Daichi Kamada 3
55%
Portugal SL Benfica Joao Mario 6
55%
Allemagne Chelsea FC Kai Havertz 2
55%
Suisse Manchester City Manuel Akanji 1
55%
Portugal Manchester City Ruben Dias 1
55%
Angleterre Liverpool FC Trent Alexander-Arnold 1
55%
Brésil Real Madrid CF Eder Militao 1
53%
Allemagne Bayern Munich Leon Goretzka 2
53%
Espagne Paris Saint-Germain Carlos Soler 1
51%
Allemagne Manchester City Ilkay Gundogan 1
51%
Brésil Tottenham Hotspur Richarlison 2
51%
Etats-Unis Juventus FC Weston McKennie 2
51%
France Juventus FC Adrien Rabiot 2
49%
Allemagne Real Madrid CF Antonio Rudiger 1
49%
Angleterre Tottenham Hotspur Harry Kane 1
49%
Angleterre Manchester City John Stones 1
49%
Portugal Borussia Dortmund Raphaël Guerreiro 2
49%
Portugal Celtic Glasgow FC Jota 2
47%
Angleterre Manchester City Phil Foden 1
47%
Brésil Liverpool FC Roberto Firmino 2
47%
Belgique Atletico Madrid Yannick Ferreira Carrasco 1
47%
Maroc Olympique de Marseille Amine Harit 1
45%
Belgique Real Madrid CF Eden Hazard 1
45%
Mexique SSC Napoli Hirving Lozano 1
45%
Allemagne Borussia Dortmund Karim Adeyemi 2
45%
Portugal AC Milan Rafael Leao 1
45%
Belgique Borussia Dortmund Thorgan Hazard 1
45%
Serbie Juventus FC Dusan Vlahovic 1
43%
Côte d'Ivoire FC Barcelone Franck Kessie 1
43%
Cameroun SSC Napoli Franck Zambo Anguissa 1
43%
Algérie AC Milan Ismaël Bennacer 1
43%
Croatie RB Leipzig Josko Gvardiol 2
43%
Argentine Olympique de Marseille Leonardo Balerdi 1
43%
Allemagne Borussia Dortmund Marco Reus 1
43%
Turquie Inter Milan Hakan çalhanoglu 1
42%
Géorgie SSC Napoli Khvicha Kvaratskhelia 2
42%
Portugal Paris Saint-Germain Nuno Mendes 1
42%
Italie SSC Napoli Giovanni Di Lorenzo 2
40%
Argentine SSC Napoli Giovanni Simeone 4
40%
Italie SSC Napoli Matteo Politano 1
40%
Argentine Atletico Madrid Rodrigo De Paul 1
40%
Italie SSC Napoli Giacomo Raspadori 4
38%
Arménie Inter Milan Henrikh Mkhitaryan 2
38%
Cameroun Liverpool FC Joel Matip 1
38%
Croatie Chelsea FC Mateo Kovacic 1
38%
France SSC Napoli Tanguy Ndombele 1
38%
Pays-Bas Inter Milan Denzel Dumfries 1
36%
Suède RB Leipzig Emil Forsberg 1
36%
Argentine Inter Milan Joaquin Correa 1
34%
Italie Chelsea FC Jorginho 1
34%
Allemagne Inter Milan Robin Gosens 1
34%
France Chelsea FC Wesley Fofana 1
34%
Espagne SL Benfica Alex Grimaldo 2
32%
Brésil SL Benfica David Neres 3
32%
Suisse Chelsea FC Denis Zakaria 1
32%
Uruguay Tottenham Hotspur Rodrigo Bentancur 1
32%
Danemark Tottenham Hotspur Pierre-Emile Hojbjerg 1
30%
Allemagne RB Leipzig Timo Werner 2
30%
Belgique AC Milan Alexis Saelemaekers 2
28%
Hongrie RB Leizpig Dominik Szoboszlai 1
28%
Allemagne Borussia Dortmund Julian Brandt 1
28%
Pays-Bas AFC Ajax Steven Berghuis 1
26%
Angleterre Liverpool FC Harvey Elliott 2
25%
Italie Juventus FC Leonardo Bonucci 1
25%
Angleterre Sporting CP Marcus Edwards 2
25%
France RB Leipzig Mohamed Simakan 1
25%
Pays-Bas AFC Ajax Steven Bergwijn 3
25%
Burkina Faso Shakhtar Donetsk Lassina Traore 1
23%
Italie Juventus FC Moise Kean 1
21%
Bosnie-Herzegovine AC Milan Rade Krunic 1
21%
France Tottenham Hotspur Clement Lenglet 1
19%
Croatie Dinamo Zagreb Mislav Orsic 2
19%
Angleterre Chelsea FC Reece James 1
19%
Espagne Seville FC Isco 1
17%
Bresil AC Milan Junior Messias 1
17%
Suisse RB Salzbourg Noah Okafor 3
17%
Angleterre Manchester City Rico Lewis 1
17%
Angleterre bayer Leverkusen Callum Hudson-Odoi 1
15%
Portugal SL Benfica Henrique Araujo 1
15%
Danemark Eintracht Francfort Jesper Lindstrom 1
13%
Brésil Sporting CP Arthur Gomes 2
11%
Espagne Club Brugge KV Ferran Jutgla 2
11%
Brésil FC Porto Galeno 2
11%
Argentine Seville FC Gonzalo Montiel 1
11%
Angleterre Rangers FC James Tavernier 1
11%
Espagne Atletico Madrid Mario Hermoso 1
11%
Canada FC Porto Stephen Eustaquio 2
11%
Maroc Sevilla FC Youssef En-Neysri 2
11%
Pays-Bas AFC Ajax Davy Klaassen 1
9%
Israël Maccabi Haïfa Dean David 1
9%
Portugal AFC Ajax Francisco Conceiçao 1
9%
Norvège SSC Napoli Leo Ostigard 1
9%
Espagne Seville FC Rafa Mir 1
9%
France Seville FC Tanguy Nianzou Kouassi 1
9%
Danemark Club Brugge KV Andreas Skov Olsen 1
8%
Norvège SL Benfica Fredrik Aursnes 1
8%
Colombie FC Porto Mateus Uribe 1
8%
Autriche RB Salzburg Nicolas Seiwald 1
8%
Croatie SL Benfica Petar Musa 2
8%
Croatie DInamo Zagreb Bruno Petkovic 1
6%
Brésil FC Porto Evanilson 1
6%
Italie AC Milan Tommaso Pobega 1
6%
Portugal Sporting CP Trincao 2
6%
Côte d'Ivoire Club Brugge KV Abakar Sylla 1
4%
Sénégal Maccabi Haïfa Abdoulaye Seck 2
4%
Norvège Club Brugge KV Antonio Nusa 1
4%
Grèce Celtic Glasgow FC Georgios Giakoumakis 1
4%
Islande FC Copenhague Hakon Haraldsson 1
4%
Autriche RB Salzburg Junior Adamu 1
4%
Espagne FC Barcelone Marcos Alonso 1
4%
Portugal Sporting CP Paulinho 1
4%
Suriname Maccabi Haïfa Tjaronn Chery 2
4%
Nigeria FC porto Zaidu Sanusi 1
4%
Allemagne Bayer Leverkusen Andrich 1
2%
Pays-Bas Club Brugge KV Bjorn Meijer 1
2%
Ghana Club Brugge KV Kamal Sowah 2
2%
Italie AC Milan Matteo Gabbia 1
2%
Israël Maccabi Haïfa Omer Atzili 2
2%
République Tchèque Viktoria Plzen Adam Vlkanova 1
0%
Allemagne Eintracht Francfort Faride Alidou 1
0%
République Tchèque Viktoria Plzen Jan Kliment 1
0%
République Tchèque Viktoria Plzen Jan Sykora 1
0%
Ukraine Shakhtar Donetsk Marian Shved 2
0%
Portugal Sporting CP Nuno Santois 1
0%
Ukraine Shakhtar Donetsk Oleksandr Zubkov 2
0%
Autriche Dinamo Zagreb Robert Ljubicic 1
0%
Canada Rangers FC Scott Arfield 1
0%
République Tchèque Viktoria Plzen Tomas Chory 2
0%
Aucun quiz correspondant
Distribution des résultats
% des personnes avec chaque résultat
Percentile par nombre de réponses
Votre historique - résultats
Vous n’avez pas pris ce quiz